| 000 | 00404pam a2200157 a 4500 | ||
|---|---|---|---|
| 020 |
_a0071391428(VOL-I) _c |
||
| 041 | _aeng | ||
| 082 |
_a616 _bKAS |
||
| 100 | _aKASPER, D . | ||
| 245 |
_aHARRISON`S PRINCIPLES OF INTERNAL MEDICINE VOL-1 _hTextual Documents |
||
| 250 |
_a16 ED / _b. |
||
| 260 |
_bMCGRAW HILL _c2005. |
||
| 300 |
_aVI.,1307+6+I-128 : : _eHB. |
||
| 930 | _a26 | ||
| 999 |
_c794566 _d794566 |
||
| 650 | _aGEN.MEDICINE | ||